Statistics for Cold War Quiz

Click here to take the quiz!

General Stats

  • This quiz has been taken 25 times
  • The average score is 8 of 10

Answer Stats

HintAnswer% Correct
Which state leader coined the phrase the'Iron Curtain'?Winston Churchill
96%
Which organisation was formed in 1949 by 12 countries to resist Communist expansion?NATO
96%
A conference was held in 1945 in which Russian town to discuss the post-war status of Germany ?Yalta
87%
In which year was the Bay of Pigs missile crisis in Cuba?1962
87%
Which country in 1962 tested it's first atomic bomb and became the fifth nuclear power?China
87%
Which European country's people revolted against their Soviet dominated government in 1956?Hungary
87%
The Khmer Rouge took power in which Asian country in 1975?Cambodia
78%
Which Soviet leader died in 1971?Khrushchev
65%
Which African leader nationalized the Suez Canal in 1956?Nasser
52%
Which American pilot was exchanged for a KGB spy in 1962?Gary Powers
39%

Score Distribution

Percentile by Number Answered

Percent of People with Each Score

Your Score History

You have not taken this quiz